| 000 | 05638nam a2200385 a 4500 | ||
|---|---|---|---|
| 003 | CHAP | ||
| 005 | 20250707111036.0 | ||
| 007 | ta | ||
| 008 | 250120s2023 mx abo|fsm||| 001 0 spa d | ||
| 040 | _erda | ||
| 041 |
_aspa _beng |
||
| 100 | 1 |
_aRescendiz Gutiérrez, Tonathiu _9131706 |
|
| 240 | 1 | 0 |
_aNutritional properties and nutraceutic potential of edible mushrooms from municipality of Zaragoza, Puebla. _lEspañol |
| 245 | 1 | 0 |
_aPropiedades nutricionales y potencial nutracéutico de hongos comestibles del municipio de Zaragoza, Puebla / _cTonathiu Rescendiz Gutierrez |
| 264 |
_aChapingo, México : _bEl autor, _c2023 |
||
| 300 |
_a1 recurso en línea (xiii, 61 páginas) : _bilustraciones, tablas, mapas, fotografías |
||
| 336 |
_2rdacontent _atexto _btxt |
||
| 337 |
_2rdamedia _acomputadora _bc |
||
| 338 |
_2rdacarrier _arecurso en línea _bcr |
||
| 502 |
_aTesis _bMCTA _cAgroindustrias _d2023 _gMAE |
||
| 504 | _aIncluye bibliografías | ||
| 520 | 3 | _aA pesar de que en México se tiene una cultura etnomicológica muy importante, no se ha explorado profundamente la riqueza fúngica del país, específicamente para la región norte de Puebla sólo se han realizado exploraciones etnomicológicas. Este estudio pretende actualizar y profundizar sobre los probables beneficios del consumo de hongos silvestres comestibles en la región de la Sierra Norte de Puebla mediante la evaluación de su potencial nutracéutico. Durante 2021 y 2022 se exploraron los mercados tradicionales de Zaragoza y Zacapoaxtla, Puebla para realizar un estudio etnomicológico sobre su consumo. De los hongos colectados se evaluó las concentraciones de 14 elementos (Mn, Fe, Cu, Zn, V, Cr, Ni, Se, Sr, Ag, Hg, As, Pb y Cd) y su posible riesgo a la salud, además de evaluar el potencial nutracéutico, aporte calórico y contenido de β-glucanos. Se identificaron 19 especies y se registraron seis formas de consumo; se seleccionaron 12 especies de trabajo: Amanita jacksonii, Clavulina coralloides, Helvella lacunosa, Hypomyces lactifluorum, Imperator torosus, Infundibulicybe squamulosa, Lactarius indigo, Lactifluus gerardii, Pholiota terrestris, Ramaria stricta, Russula brevipes y Tricholoma equestre. Se observaron concentraciones que exceden límites de seguridad en siete elementos (Fe, Cu, Cr, Ag, Hg, As y Cd). Los compuestos fenólicos totales oscilaron entre 0.69 y 3.52 mg EAG 𝐠𝐛𝐬−𝟏, los valores de capacidad antioxidante se encontraron en el intervalo de 37.47 a 394.85 μmol ET 𝐠𝐛𝐬−𝟏 por ensayo ABTS, mientras que por ensayo FRAP los valores variaron de 0.58 a 41.13 μmol ET 𝐠𝐛𝐬−𝟏. El contenido energético osciló entre 3.82 y 4.44 kcal 𝐠𝐛𝐬−𝟏. Los β-glucanos se encontraron entre 9.43 y 24.09 % (m m-1). Los resultados obtenidos aportan nueva información respecto a 10 especies de hongos silvestres comestibles que no habían sido estudiadas previamente en el país. -- | |
| 520 | 3 | _aDespite Mexico’s very important ethnomycological culture, the country’s fungal richness has not been deeply explored, specifically for the northern region of Puebla just has made ethnomycological explorations. This study pretends to actualize and deepen about probable benefits of wild edible mushroom consumption in the Sierra Norte in Puebla region by means of the evaluation of their nutraceutical potential. In 2021 and 2022 the traditional markets of Zaragoza and Zacapoaxtla, Puebla were explored to make an ethnomycological study about their consumption. For the collected mushrooms the concentrations of 14 elements (Mn, Fe, Cu, Zn, V, Cr, Ni, Se, Sr, Ag, Hg, As, Pb and Cd) and their possible health risk were evaluated, besides of evaluating their nutraceutical potential, caloric supply, and β-glucans content. 19 species were identified, and six consumption forms were registered, it was selected 12 work species: Amanita jacksonii, Clavulina coralloides, Helvella lacunosa, Hypomyces lactifluorum, Imperator torosus, Infundibulicybe squamulosa, Lactarius indigo, Lactifluus gerardii, Pholiota terrestris, Ramaria stricta, Russula brevipes and Tricholoma equestre. Concentrations that exceed security limits were observed in seven elements (Fe, Cu, Cr, Ag, Hg, As y Cd). The total phenolic compounds oscillated between 0.69 and 3.52 mg EAG 𝐠𝐛𝐬−𝟏, the antioxidant capacity values were found in the interval from 37.47 to 394.85 μmol ET 𝐠𝐛𝐬−𝟏 by ABTS essay, while by FRAP essay the values variated from 0.58 to 41.13 μmol ET 𝐠𝐛𝐬−𝟏. The energetic content oscillated between 3.82 and 4.44 kcal 𝐠𝐛𝐬−𝟏. β-glucans were found between 9.43 and 24.09 % (m m-1). The results obtained contribute new information about 10 species of wild edible mushrooms that had not been studied previously in the country. | |
| 650 | 1 | 3 |
_aHongos silvestres comestibles _xEvaluación sensorial de los alimentos _2atg _9162757 |
| 650 | 1 | 3 |
_aHongos silvestres comestibles _xValor nutritivo _2atg _9162758 |
| 650 | 1 | 3 |
_aHongos silvestres comestibles _xVariedades _zMéxico _zPuebla _2atg _9162759 |
| 650 | 1 | 3 |
_aWild edible mushrooms _xNutritive value _2atg _9162760 |
| 650 | 1 | 3 |
_aWild edible mushrooms _xSensory evaluation _2atg _9162761 |
| 650 | 1 | 3 |
_aWild edible mushrooms _xVarieties _zMexico _zPuebla _2atg _9162762 |
| 700 | 1 |
_aGuerra Ramírez, Diana _9149184 _edirectora |
|
| 700 | 1 |
_aSalgado Escobar, Irma _9187564 _easesora |
|
| 700 | 1 |
_aReyes Trejo, Benito _9158257 _easesor |
|
| 856 | 4 | 0 |
_yDESCARGAR PDF _uhttp://10.13.5.2/tesis/tm/2112554-8_RESCENDIZ_GUTIERREZ_TONATHIU.pdf |
| 942 |
_2Clasificación Universidad Autónoma Chapingo _cTD |
||
| 999 |
_c220341 _d220341 |
||